[Event "rubB"]
[Site "?"]
[Date "2018.08.25"]
[Round "1.2"]
[White "Bucko, Wieslaw"]
[Black "Marusenko, Petr"]
[Result "0-1"]
[BlackElo "2159"]
[WhiteElo "1622"]
[LiveChessVersion "1.4.8"]

1. d4 {[%clk 1:30:52]} d5 {[%clk 1:30:47]} 2. c4 {[%clk 1:31:11]} c6
{[%clk 1:31:12]} 3. Nc3 {[%clk 1:31:24]} Nf6 {[%clk 1:31:34]} 4. Nf3
{[%clk 1:31:28]} dxc4 {[%clk 1:31:49]} 5. a4 {[%clk 1:31:19]} e6 {[%clk 1:32:14]}
6. g3 {[%clk 1:31:30]} c5 {[%clk 1:32:07]} 7. Bg2 {[%clk 1:30:27]} Nc6
{[%clk 1:32:31]} 8. Be3 {[%clk 1:28:30]} Ng4 {[%clk 1:31:29]} 9. O-O
{[%clk 1:27:56]} Nxe3 {[%clk 1:31:49]} 10. fxe3 {[%clk 1:27:54]} Be7
{[%clk 1:31:46]} 11. Ne4 {[%clk 1:26:55]} cxd4 {[%clk 1:24:12]} 12. exd4
{[%clk 1:26:45]} O-O {[%clk 1:24:34]} 13. e3 {[%clk 1:25:42]} f5 {[%clk 1:09:09]}
14. Ned2 {[%clk 1:23:55]} e5 {[%clk 1:08:23]} 15. Nxc4 {[%clk 1:21:21]} e4
{[%clk 1:08:23]} 16. Nfe5 {[%clk 1:20:09]} Nxe5 {[%clk 1:08:46]} 17. Nxe5
{[%clk 1:17:36]} Be6 {[%clk 1:09:04]} 18. g4 {[%clk 1:15:13]} g6 {[%clk 1:04:39]}
19. gxf5 {[%clk 1:14:53]} gxf5 {[%clk 1:05:06]} 20. Bh3 {[%clk 1:10:59]} Bd6
{[%clk 1:01:06]} 21. Kh1 {[%clk 1:06:39]} Qh4 {[%clk 0:52:35]} 22. Bg2
{[%clk 0:59:31]} Rad8 {[%clk 0:47:35]} 23. Qe1 {[%clk 0:58:05]} Qxe1
{[%clk 0:47:55]} 24. Rfxe1 {[%clk 0:57:10]} Bxe5 {[%clk 0:48:04]} 25. dxe5
{[%clk 0:57:22]} Rd2 {[%clk 0:48:24]} 26. b4 {[%clk 0:56:44]} Rc8
{[%clk 0:48:14]} 27. Rg1 {[%clk 0:56:56]} Kf7 {[%clk 0:47:58]} 28. Rac1
{[%clk 0:57:03]} Rcc2 {[%clk 0:47:25]} 29. Rxc2 {[%clk 0:56:26]} Rxc2
{[%clk 0:47:49]} 30. Rf1 {[%clk 0:55:52]} Rc4 {[%clk 0:39:21]} 31. Bh3
{[%clk 0:53:08]} Rxb4 {[%clk 0:39:45]} 32. Bxf5 {[%clk 0:53:01]} Bxf5
{[%clk 0:40:11]} 33. Rxf5+ {[%clk 0:53:15]} Ke6 {[%clk 0:41:08]} 34. Rh5
{[%clk 0:52:57]} Rxa4 {[%clk 0:41:31]} 35. Rxh7 {[%clk 0:52:59]} b5
{[%clk 0:41:54]} 36. Rh6+ {[%clk 0:53:23]} Kd5 {[%clk 0:40:34]} 37. Rh8
{[%clk 0:53:05]} Ra6 {[%clk 0:39:13]} 38. h4 {[%clk 0:52:14]} b4 {[%clk 0:39:27]}
0-1

[Event "rubB"]
[Site "?"]
[Date "2018.08.25"]
[Round "1.4"]
[White "Janocha, Jan"]
[Black "Meizlin, Yaacov"]
[Result "0-1"]
[BlackElo "2061"]
[WhiteElo "1604"]
[LiveChessVersion "1.4.8"]

1. e4 {[%clk 1:30:30]} c5 {[%clk 1:30:48]} 2. Nf3 {[%clk 1:30:52]} Nc6
{[%clk 1:30:56]} 3. d4 {[%clk 1:31:18]} cxd4 {[%clk 1:31:06]} 4. Nxd4
{[%clk 1:31:45]} g6 {[%clk 1:31:25]} 5. Be3 {[%clk 1:31:01]} Bg7 {[%clk 1:31:32]}
6. Bd3 {[%clk 1:30:34]} Nxd4 {[%clk 1:31:34]} 7. Bxd4 {[%clk 1:30:54]} Bxd4
{[%clk 1:32:00]} 8. c3 {[%clk 1:31:10]} Bg7 {[%clk 1:32:12]} 9. O-O
{[%clk 1:31:28]} d6 {[%clk 1:31:24]} 10. f4 {[%clk 1:31:46]} Qb6+
{[%clk 1:31:24]} 11. Rf2 {[%clk 1:32:13]} Nf6 {[%clk 1:30:13]} 12. h3
{[%clk 1:32:34]} Bd7 {[%clk 1:29:29]} 13. Na3 {[%clk 1:32:57]} Rc8
{[%clk 1:29:10]} 14. Qe2 {[%clk 1:31:25]} Nh5 {[%clk 1:27:37]} 15. Kh2
{[%clk 1:31:03]} O-O {[%clk 1:20:30]} 16. Nc4 {[%clk 1:29:37]} Qc5
{[%clk 1:17:06]} 17. g4 {[%clk 1:22:35]} Nxf4 {[%clk 1:09:45]} 18. Rxf4
{[%clk 1:22:53]} b5 {[%clk 1:06:52]} 19. b4 {[%clk 1:14:44]} Qg5 {[%clk 1:07:04]}
20. Rf3 {[%clk 1:14:45]} Bxc3 {[%clk 1:02:56]} 21. Raf1 {[%clk 1:15:05]} bxc4
{[%clk 1:02:22]} 22. Bxc4 {[%clk 1:15:33]} Bf6 {[%clk 0:57:37]} 23. Qd3
{[%clk 1:12:42]} Rxc4 {[%clk 0:53:41]} 24. Qxc4 {[%clk 1:13:09]} Bb5
{[%clk 0:54:08]} 0-1

[Event "rubB"]
[Site "?"]
[Date "2018.08.25"]
[Round "2.1"]
[White "Santura, Janusz"]
[Black "Gralka, Julian"]
[Result "0-1"]
[BlackElo "2188"]
[WhiteElo "1762"]
[LiveChessVersion "1.4.8"]

1. Nf3 {[%clk 1:30:55]} Nf6 {[%clk 1:30:33]} 2. g3 {[%clk 1:31:03]} d5
{[%clk 1:30:36]} 3. Bg2 {[%clk 1:31:09]} c6 {[%clk 1:30:34]} 4. O-O
{[%clk 1:31:22]} Bf5 {[%clk 1:30:50]} 5. d3 {[%clk 1:31:24]} h6 {[%clk 1:30:21]}
6. Nbd2 {[%clk 1:30:45]} e6 {[%clk 1:29:25]} 7. Re1 {[%clk 1:29:11]} Be7
{[%clk 1:29:36]} 8. e4 {[%clk 1:28:35]} dxe4 {[%clk 1:29:05]} 9. dxe4
{[%clk 1:16:48]} Nxe4 {[%clk 1:28:18]} 10. Nh4 {[%clk 1:16:06]} Bxh4
{[%clk 1:27:59]} 11. Nxe4 {[%clk 1:16:20]} Qxd1 {[%clk 1:26:47]} 12. Rxd1
{[%clk 1:16:35]} Be7 {[%clk 1:25:42]} 13. Bf4 {[%clk 1:15:13]} Nd7
{[%clk 1:24:23]} 14. Rd2 {[%clk 1:14:12]} Bxe4 {[%clk 1:18:09]} 15. Bxe4
{[%clk 1:14:28]} O-O-O {[%clk 1:17:59]} 16. Rad1 {[%clk 1:14:04]} Nc5
{[%clk 1:17:20]} 17. Bf3 {[%clk 1:13:42]} Rxd2 {[%clk 1:17:02]} 18. Rxd2
{[%clk 1:14:00]} Rd8 {[%clk 1:16:04]} 19. b3 {[%clk 1:13:20]} Rxd2
{[%clk 1:15:19]} 20. Bxd2 {[%clk 1:13:27]} Nd7 {[%clk 1:15:32]} 21. Be3
{[%clk 1:13:43]} Kc7 {[%clk 1:14:40]} 22. Kf1 {[%clk 1:13:14]} Bc5
{[%clk 1:12:44]} 23. Bd2 {[%clk 1:11:57]} Bd4 {[%clk 1:11:30]} 24. Ke2
{[%clk 1:11:26]} Kd6 {[%clk 1:10:34]} 25. h4 {[%clk 1:08:47]} f5 26. Bh5
{[%clk 1:06:21]} Nf6 {[%clk 1:06:32]} 27. Bf3 {[%clk 1:06:04]} e5
{[%clk 1:05:22]} 28. Bg2 {[%clk 1:00:45]} Ke6 {[%clk 1:02:39]} 29. c3
{[%clk 0:59:00]} Bb6 {[%clk 1:02:11]} 30. b4 {[%clk 0:58:08]} e4 {[%clk 0:53:09]}
31. c4 {[%clk 0:57:45]} Bd4 {[%clk 0:51:24]} 32. Bh3 {[%clk 0:55:22]} b5
{[%clk 0:50:40]} 33. cxb5 {[%clk 0:50:20]} cxb5 {[%clk 0:50:21]} 34. Bf1
{[%clk 0:47:11]} Nd5 {[%clk 0:49:03]} 35. Ke1 {[%clk 0:43:12]} a6
{[%clk 0:44:54]} 36. a4 {[%clk 0:43:10]} bxa4 {[%clk 0:44:37]} 37. Bxa6
{[%clk 0:43:15]} Nb6 {[%clk 0:44:54]} 38. Bc1 {[%clk 0:41:30]} g5
{[%clk 0:40:51]} 39. Be2 {[%clk 0:34:46]} Ke5 {[%clk 0:35:10]} 40. Bd1
{[%clk 1:04:29]} Bc3+ {[%clk 1:02:33]} 41. Bd2 {[%clk 1:03:53]} Kd4
{[%clk 1:02:09]} 42. b5 {[%clk 0:52:12]} gxh4 {[%clk 0:56:02]} 43. gxh4
{[%clk 0:52:39]} Kc4 {[%clk 0:52:58]} 44. Be2+ {[%clk 0:52:43]} Kb3
{[%clk 0:52:19]} 45. Bd1+ {[%clk 0:42:59]} Kb2 {[%clk 0:51:32]} 46. Bc1+ 0-1

[Event "rubB"]
[Site "?"]
[Date "2018.08.25"]
[Round "2.2"]
[White "Marusenko, Petr"]
[Black "Solek, Zenon"]
[Result "1/2-1/2"]
[BlackElo "1768"]
[WhiteElo "2159"]
[LiveChessVersion "1.4.8"]

1. d4 {[%clk 1:30:58]} Nf6 {[%clk 1:30:55]} 2. c4 {[%clk 1:31:24]} c5
{[%clk 1:31:13]} 3. d5 {[%clk 1:31:32]} a6 {[%clk 1:31:28]} 4. a4
{[%clk 1:31:08]} g6 {[%clk 1:31:48]} 5. Nc3 {[%clk 1:31:22]} Bg7 {[%clk 1:32:15]}
6. e4 {[%clk 1:31:45]} d6 {[%clk 1:32:41]} 7. Nf3 {[%clk 1:32:00]} O-O
{[%clk 1:32:56]} 8. Be2 {[%clk 1:32:25]} a5 {[%clk 1:32:10]} 9. O-O
{[%clk 1:32:45]} Na6 {[%clk 1:32:39]} 10. Bf4 {[%clk 1:33:06]} Nh5
{[%clk 1:32:27]} 11. Bg5 {[%clk 1:33:13]} h6 {[%clk 1:31:27]} 12. Be3
{[%clk 1:33:38]} b6 {[%clk 1:29:37]} 13. Ne1 {[%clk 1:29:38]} Nf6
{[%clk 1:27:36]} 14. f4 {[%clk 1:29:47]} Nb4 {[%clk 1:25:14]} 15. Bf3
{[%clk 1:30:00]} Ba6 {[%clk 1:23:43]} 16. Nb5 {[%clk 1:29:30]} Nd7
{[%clk 1:23:56]} 17. Rf2 {[%clk 1:29:09]} Bxb5 {[%clk 1:23:24]} 18. axb5
{[%clk 1:29:32]} Qc7 {[%clk 1:23:23]} 19. h4 {[%clk 1:28:29]} Rae8
{[%clk 1:19:49]} 20. h5 {[%clk 1:28:19]} e6 {[%clk 1:16:26]} 21. Ra3
{[%clk 1:20:11]} exd5 {[%clk 1:13:29]} 22. exd5 {[%clk 1:18:43]} Nf6
{[%clk 1:11:18]} 23. hxg6 fxg6 {[%clk 1:11:31]} 24. Qb1 {[%clk 1:17:33]} Kh7
{[%clk 1:05:11]} 25. g3 {[%clk 1:11:59]} Qd7 {[%clk 1:04:29]} 26. Kg2
{[%clk 1:04:25]} Re7 {[%clk 1:03:11]} 27. Re2 {[%clk 1:00:45]} Rfe8
{[%clk 1:03:17]} 28. Qd1 {[%clk 1:01:12]} Qf5 {[%clk 1:00:30]} 29. Qd2
{[%clk 0:53:51]} g5 {[%clk 0:56:08]} 30. fxg5 {[%clk 0:46:11]} hxg5
{[%clk 0:56:12]} 1/2-1/2

[Event "rubB"]
[Site "?"]
[Date "2018.08.25"]
[Round "2.3"]
[White "Radzicki, Wieslaw"]
[Black "Zowada, Kazimierz"]
[Result "0-1"]
[BlackElo "2078"]
[WhiteElo "1759"]
[LiveChessVersion "1.4.8"]

1. Nf3 {[%clk 1:30:58]} g6 {[%clk 1:29:25]} 2. c4 {[%clk 1:28:05]} Bg7
{[%clk 1:29:45]} 3. Nc3 {[%clk 1:28:28]} d6 {[%clk 1:29:29]} 4. d4
{[%clk 1:24:01]} c6 {[%clk 1:29:25]} 5. e3 {[%clk 1:23:25]} Nd7 {[%clk 1:28:14]}
6. Be2 {[%clk 1:20:49]} Qc7 {[%clk 1:28:09]} 7. O-O {[%clk 1:19:22]} Ngf6
{[%clk 1:28:28]} 8. b3 {[%clk 1:17:16]} O-O {[%clk 1:28:31]} 9. Bb2
{[%clk 1:17:34]} Re8 {[%clk 1:27:27]} 10. d5 {[%clk 1:04:34]} a5 {[%clk 1:21:01]}
11. a4 {[%clk 1:04:32]} Nc5 {[%clk 1:20:52]} 12. Nd4 {[%clk 1:03:02]} Qb6
{[%clk 1:15:51]} 13. Bf3 {[%clk 1:00:22]} e5 {[%clk 1:15:54]} 14. dxe6
{[%clk 1:00:26]} fxe6 15. Rb1 {[%clk 0:47:23]} e5 {[%clk 1:15:48]} 16. Nc2
{[%clk 0:46:47]} Bf5 {[%clk 1:15:19]} 17. Ba3 {[%clk 0:44:05]} Rad8
{[%clk 1:13:38]} 18. b4 {[%clk 0:35:49]} axb4 {[%clk 1:13:26]} 19. Rxb4
{[%clk 0:34:59]} Qc7 {[%clk 1:08:24]} 20. Be2 {[%clk 0:32:14]} Qf7
{[%clk 1:04:23]} 21. f3 {[%clk 0:27:02]} Be6 {[%clk 1:04:23]} 22. e4
{[%clk 0:26:55]} Na6 {[%clk 1:04:22]} 23. Rb2 {[%clk 0:24:41]} Bxc4
{[%clk 1:04:24]} 24. Ne3 {[%clk 0:24:54]} Bxe2 {[%clk 1:02:35]} 25. Qxe2
{[%clk 0:25:21]} Nc5 {[%clk 1:01:34]} 26. Nc4 {[%clk 0:24:29]} Bf8
{[%clk 1:00:39]} 27. Na5 {[%clk 0:22:28]} d5 {[%clk 0:54:45]} 28. Bxc5
{[%clk 0:12:35]} Bxc5+ {[%clk 0:55:08]} 29. Kh1 {[%clk 0:12:52]} Rd7
{[%clk 0:54:54]} 30. Rfb1 {[%clk 0:11:47]} Bd4 {[%clk 0:53:42]} 31. Qc2
{[%clk 0:11:23]} Ree7 {[%clk 0:53:05]} 32. h3 {[%clk 0:09:20]} Bxc3
{[%clk 0:51:13]} 33. Qxc3 {[%clk 0:09:40]} dxe4 {[%clk 0:51:36]} 34. fxe4
{[%clk 0:09:10]} Nxe4 {[%clk 0:51:53]} 35. Qe3 {[%clk 0:06:58]} Nd6
{[%clk 0:50:09]} 36. Rf2 {[%clk 0:04:29]} Qd5 {[%clk 0:50:03]} 37. Nb3
{[%clk 0:02:31]} Nf5 {[%clk 0:49:58]} 38. Qc5 {[%clk 0:01:33]} e4
{[%clk 0:48:43]} 39. g4 {[%clk 0:01:16]} Nh4 {[%clk 0:48:03]} 40. Qxd5+
{[%clk 0:30:43]} Rxd5 {[%clk 1:16:10]} 41. Rbf1 {[%clk 0:24:00]} Rd3
{[%clk 1:09:25]} 42. Nc1 {[%clk 0:20:10]} Rxh3+ {[%clk 1:09:36]} 43. Rh2
{[%clk 0:19:04]} Rxh2+ {[%clk 1:09:35]} 44. Kxh2 {[%clk 0:19:28]} Nf3+
{[%clk 1:09:00]} 45. Kg3 {[%clk 0:19:50]} Nd4 {[%clk 1:08:30]} 46. Rd1
{[%clk 0:19:39]} c5 {[%clk 1:08:21]} 47. Na2 {[%clk 0:19:09]} e3 {[%clk 1:08:30]}
48. Nc3 {[%clk 0:19:18]} e2 {[%clk 1:08:50]} 49. Re1 {[%clk 0:19:35]} Re3+
{[%clk 1:09:18]} 0-1

[Event "rubB"]
[Site "?"]
[Date "2018.08.25"]
[Round "2.4"]
[White "Meizlin, Yaacov"]
[Black "Galyga, Jozef"]
[Result "1-0"]
[BlackElo "1759"]
[WhiteElo "2061"]
[LiveChessVersion "1.4.8"]

1. e4 {[%clk 1:29:30]} e6 {[%clk 1:30:46]} 2. Qe2 {[%clk 1:28:20]} c5 3. d3 Nc6
{[%clk 1:26:48]} 4. c3 {[%clk 1:28:29]} Be7 {[%clk 1:25:15]} 5. Qg4
{[%clk 1:27:58]} Kf8 {[%clk 1:22:52]} 6. Qe2 {[%clk 1:22:37]} e5 7. f4 d6
{[%clk 1:11:32]} 8. Nf3 {[%clk 1:21:06]} Nf6 {[%clk 1:11:30]} 9. Na3
{[%clk 1:21:12]} h5 {[%clk 1:07:43]} 10. Qc2 {[%clk 1:15:39]} a6 {[%clk 1:04:15]}
11. Be2 b5 12. O-O g6 13. h3 Kg7 14. Be3 Bb7 15. Rad1 Rc8 16. Ng5 Rf8 17. Qd2
exf4 18. Bxf4 Ne5 19. Qe3 Qc7 20. d4 cxd4 21. cxd4 Ned7 22. Nb1 Qb6 23. Kh2 Kg8
24. Qd3 d5 25. e5 Ne4 26. Nxe4 dxe4 27. Qg3 Rc2 28. Bxh5 e3 29. d5 e2 30. Bxe2
Rxe2 31. e6 Nf6 32. Qd3 Rxg2+ 33. Kxg2 Bxd5+ 34. Kh2 Qxe6 35. Rfe1 Be4 36. Qe3
Bb4 37. Nc3 Bxc3 38. bxc3 Re8 39. Rd2 Qf5 40. Qf2 Qh5 41. Qg3 Nd5 42. Rd4 Qf5 43.
Bd2 Re6 44. c4 bxc4 45. Rxc4 Kg7 46. Qh4 Qe5+ 47. Kg1 f5 48. Qh6+ Kf7 49. Qh7+
Qg7 50. Qxg7+ Kxg7 51. Bc3+ Nxc3 52. Rxc3 Rb6 53. Kf2 Kf6 54. Rb3 Rc6 55. Re2 g5
56. Reb2 Ke5 57. Kg3 Rc1 58. Rh2 Rg1+ 59. Kf2 Rc1 60. Rb2 Kf4 61. Re2 Bd3 62. Rd2
Rf1+ 63. Kg2 Rf3 64. Rf2 Be4 65. Rxf3+ Bxf3+ 66. Kf2 Bd5 67. Kg1 Kg3 68. a3 f4
69. Rd2 Be4 70. Rd4 Bf3 71. Rd3 Be4 72. Rd4 Bf5 73. Rd5 Bxh3 74. Rxg5+ Kf3 75.
Ra5 Kg3 76. Rxa6 Bc8 77. Ra5 1-0

[Event "rubB"]
[Site "?"]
[Date "2018.08.25"]
[Round "2.5"]
[White "Rychlik, Bogdan"]
[Black "Sobolewski, Piotr"]
[Result "0-1"]
[BlackElo "2053"]
[WhiteElo "1641"]
[LiveChessVersion "1.4.8"]

1. e4 {[%clk 1:30:54]} Nf6 {[%clk 1:30:49]} 2. e5 {[%clk 1:31:08]} Nd5
{[%clk 1:31:12]} 3. Bc4 {[%clk 1:30:48]} Nb6 {[%clk 1:28:17]} 4. Bb3
{[%clk 1:31:07]} d5 {[%clk 1:28:28]} 5. exd6 {[%clk 1:29:50]} cxd6
{[%clk 1:28:17]} 6. Nf3 {[%clk 1:29:54]} d5 {[%clk 1:25:23]} 7. d4
{[%clk 1:29:42]} Bg4 {[%clk 1:25:04]} 8. h3 {[%clk 1:28:02]} Bh5 {[%clk 1:25:21]}
9. O-O {[%clk 1:27:00]} Nc6 {[%clk 1:25:04]} 10. c3 {[%clk 1:25:38]} e6
{[%clk 1:24:45]} 11. Bf4 {[%clk 1:24:51]} Bd6 {[%clk 1:24:30]} 12. Bxd6
{[%clk 1:25:00]} Qxd6 {[%clk 1:24:45]} 13. Nbd2 {[%clk 1:25:21]} O-O
{[%clk 1:24:29]} 14. Re1 {[%clk 1:25:28]} Nd7 {[%clk 1:22:41]} 15. g4
{[%clk 1:23:34]} Bg6 {[%clk 1:22:58]} 16. Nh4 {[%clk 1:23:17]} b5
{[%clk 1:20:19]} 17. Qe2 {[%clk 1:21:40]} Rab8 {[%clk 1:16:44]} 18. Nxg6
{[%clk 1:21:59]} hxg6 {[%clk 1:17:01]} 19. Nf3 {[%clk 1:22:04]} Qf4
{[%clk 1:15:52]} 20. Qe3 {[%clk 1:20:50]} Qxe3 {[%clk 1:15:34]} 21. Rxe3
{[%clk 1:20:54]} Na5 {[%clk 1:14:39]} 22. Re2 {[%clk 1:15:57]} Rfc8
{[%clk 1:14:20]} 23. Nd2 {[%clk 1:11:20]} Nb6 {[%clk 1:12:10]} 24. Kg2
{[%clk 1:07:00]} Nac4 {[%clk 1:11:04]} 25. Bxc4 {[%clk 1:04:54]} bxc4 26. Re3
{[%clk 1:00:21]} Na4 {[%clk 1:04:16]} 27. b3 {[%clk 0:59:29]} cxb3
{[%clk 1:03:44]} 28. axb3 {[%clk 0:59:34]} Nxc3 {[%clk 1:03:57]} 29. Rxa7
{[%clk 0:59:09]} Rb4 {[%clk 1:00:48]} 30. Rd3 {[%clk 0:53:33]} g5
{[%clk 0:57:02]} 31. Nf3 {[%clk 0:48:17]} Ne4 {[%clk 0:52:14]} 32. Ra4
{[%clk 0:48:16]} Rb5 {[%clk 0:52:28]} 33. Ra7 {[%clk 0:44:31]} Rc2
{[%clk 0:52:21]} 34. Kg1 {[%clk 0:42:46]} Nxf2 {[%clk 0:49:54]} 35. Re3
{[%clk 0:42:33]} Nxh3+ {[%clk 0:42:16]} 36. Kf1 {[%clk 0:42:44]} f6
{[%clk 0:42:02]} 37. Ke1 {[%clk 0:34:20]} Rb8 {[%clk 0:41:21]} 38. Nd2
{[%clk 0:31:13]} Nf4 {[%clk 0:40:18]} 39. Kd1 {[%clk 0:30:36]} Rbc8
{[%clk 0:40:27]} 40. Nc4 {[%clk 0:58:19]} Rh2 {[%clk 1:07:36]} 41. Nd6
{[%clk 0:56:29]} Rcc2 {[%clk 1:07:44]} 0-1

[Event "rubB"]
[Site "?"]
[Date "2018.08.25"]
[Round "3.1"]
[White "Gralka, Julian"]
[Black "Tust-kopec, Dominika"]
[Result "1-0"]
[BlackElo "1881"]
[WhiteElo "2188"]
[LiveChessVersion "1.4.8"]

1. d4 {[%clk 1:30:54]} Nf6 {[%clk 1:30:08]} 2. c4 {[%clk 1:31:12]} e6
{[%clk 1:29:51]} 3. Nf3 {[%clk 1:31:21]} d5 {[%clk 1:29:31]} 4. Nc3
{[%clk 1:30:53]} Be7 {[%clk 1:28:33]} 5. Bg5 {[%clk 1:30:50]} Nbd7
{[%clk 1:26:25]} 6. e3 {[%clk 1:30:57]} h6 {[%clk 1:24:38]} 7. Bh4
{[%clk 1:30:59]} c6 {[%clk 1:24:27]} 8. Rc1 {[%clk 1:30:44]} Ne4 {[%clk 1:22:25]}
9. Bxe7 {[%clk 1:28:46]} Qxe7 {[%clk 1:22:43]} 10. Bd3 {[%clk 1:27:35]} Nxc3
{[%clk 1:11:53]} 11. Rxc3 {[%clk 1:25:47]} e5 {[%clk 1:11:01]} 12. dxe5
{[%clk 1:25:21]} dxc4 {[%clk 1:06:35]} 13. Rxc4 {[%clk 1:12:24]} O-O
{[%clk 1:06:53]} 14. Bb1 {[%clk 1:06:38]} Nxe5 {[%clk 1:04:06]} 15. Nxe5
{[%clk 1:06:40]} Qxe5 {[%clk 1:04:29]} 16. Qc2 {[%clk 1:06:52]} g6
{[%clk 1:03:42]} 17. O-O {[%clk 1:06:02]} Rd8 {[%clk 1:02:03]} 18. Rc5
{[%clk 0:55:30]} Qe7 {[%clk 1:00:38]} 19. Qc3 {[%clk 0:55:03]} Bg4
{[%clk 0:58:52]} 20. f3 {[%clk 0:50:11]} Be6 {[%clk 0:57:20]} 21. f4
{[%clk 0:46:22]} Bg4 {[%clk 0:55:07]} 22. Bc2 {[%clk 0:41:02]} Rd6
{[%clk 0:53:08]} 23. f5 {[%clk 0:34:47]} Re8 {[%clk 0:50:46]} 24. fxg6
{[%clk 0:28:03]} fxg6 {[%clk 0:50:33]} 25. Bb3+ {[%clk 0:28:06]} Be6
{[%clk 0:50:20]} 26. Re5 {[%clk 0:23:03]} Qd8 {[%clk 0:32:50]} 27. Rxe6
{[%clk 0:18:03]} Rexe6 {[%clk 0:29:53]} 28. Qe5 {[%clk 0:13:10]} h5
{[%clk 0:22:12]} 29. Bxe6+ {[%clk 0:13:11]} Kh7 {[%clk 0:22:27]} 30. Rf7+
{[%clk 0:12:58]} Kh6 {[%clk 0:22:55]} 31. Qg7+ {[%clk 0:12:11]} Kg5
{[%clk 0:22:53]} 32. Rf5+ {[%clk 0:12:25]} 1-0

[Event "rubB"]
[Site "?"]
[Date "2018.08.25"]
[Round "3.2"]
[White "Zowada, Kazimierz"]
[Black "Kawula, Andrzej"]
[Result "0-1"]
[BlackElo "1838"]
[WhiteElo "2078"]
[LiveChessVersion "1.4.8"]

1. d4 {[%clk 1:30:58]} e6 {[%clk 1:30:43]} 2. e3 {[%clk 1:30:53]} d5
{[%clk 1:30:43]} 3. Bd3 {[%clk 1:30:45]} c5 {[%clk 1:30:10]} 4. c3
{[%clk 1:30:40]} Nc6 {[%clk 1:30:04]} 5. f4 {[%clk 1:29:50]} f5 {[%clk 1:30:05]}
6. Nf3 {[%clk 1:29:14]} Nf6 {[%clk 1:30:26]} 7. Nbd2 {[%clk 1:26:39]} Be7
{[%clk 1:29:18]} 8. Ne5 {[%clk 1:26:25]} Nxe5 {[%clk 1:29:05]} 9. dxe5
{[%clk 1:23:12]} Ne4 {[%clk 1:28:29]} 10. Bxe4 {[%clk 1:21:26]} fxe4
{[%clk 1:27:41]} 11. c4 {[%clk 1:20:12]} O-O {[%clk 1:27:41]} 12. O-O
{[%clk 1:20:19]} b6 {[%clk 1:27:43]} 13. Qc2 {[%clk 1:20:07]} Bb7
{[%clk 1:27:38]} 14. Rd1 {[%clk 1:18:30]} Qe8 {[%clk 1:27:03]} 15. Nf1
{[%clk 1:15:15]} d4 {[%clk 1:21:16]} 16. g4 {[%clk 1:10:50]} Qg6 {[%clk 1:17:28]}
17. Qg2 {[%clk 1:10:53]} Rad8 {[%clk 1:17:28]} 18. h3 {[%clk 1:10:37]} Rd7
{[%clk 1:12:35]} 19. Ng3 {[%clk 1:10:25]} Bh4 {[%clk 1:06:19]} 20. Ne2
{[%clk 1:08:33]} Rfd8 {[%clk 1:04:58]} 21. b3 {[%clk 1:04:32]} Qf7
{[%clk 1:01:41]} 22. Kh2 {[%clk 1:01:26]} g5 {[%clk 1:00:24]} 23. Rf1
{[%clk 1:00:50]} d3 {[%clk 0:54:29]} 24. Nc3 {[%clk 0:59:18]} gxf4
{[%clk 0:52:00]} 25. Rxf4 {[%clk 0:54:33]} Qg7 {[%clk 0:47:00]} 26. Bb2
{[%clk 0:53:16]} Bg5 {[%clk 0:45:48]} 27. Qg3 {[%clk 0:48:50]} Bxf4
{[%clk 0:44:27]} 28. exf4 {[%clk 0:49:01]} d2 {[%clk 0:44:26]} 29. Rd1
{[%clk 0:46:16]} Rd3 {[%clk 0:43:50]} 30. Qg2 {[%clk 0:40:47]} Qf7
{[%clk 0:40:08]} 31. Ne2 {[%clk 0:40:34]} Rf3 {[%clk 0:39:03]} 32. f5
{[%clk 0:28:37]} e3 {[%clk 0:36:37]} 33. fxe6 {[%clk 0:28:08]} Qe7
{[%clk 0:35:55]} 0-1

[Event "rubB"]
[Site "?"]
[Date "2018.08.25"]
[Round "3.4"]
[White "Czuchnicki, Jan"]
[Black "Grossmann, Ryszard"]
[Result "0-1"]
[BlackElo "2052"]
[WhiteElo "1864"]
[LiveChessVersion "1.4.8"]

1. d4 c5 2. d5 e5 3. e4 d6 4. Bb5+ Bd7 5. a4 a6 6. Bd3 Be7 7. Nc3 Nf6 8. Nf3 O-O
9. Nd2 Ne8 10. g4 Bg5 11. h3 Bc8 12. Ne2 Nd7 13. a5 b5 14. axb6 Nxb6 15. c4 g6
16. Ng3 a5 17. b3 Bd7 18. Bb2 a4 19. Nf3 Bf6 20. O-O Bg7 21. Kh2 Nc7 22. Bc3 Qe7
23. b4 cxb4 24. Bxb4 Na6 25. Ba3 Rfc8 26. Qe2 Nc5 27. Nd2 Be8 28. Rab1 Nbd7 29.
Bc2 Qd8 30. Qe3 Rcb8 31. Ne2 Rxb1 32. Rxb1 Rb8 33. Nc3 Rxb1 34. Bxb1 Qa5 35. Bc2
Bh6 36. g5 Bxg5 37. Qxg5 Qxc3 38. Bxc5 Nxc5 39. Bb1 Qb4 40. h4 Kg7 41. Qe3 a3 42.
f4 Qxb1 43. Nxb1 a2 44. Nc3 a1=Q 45. fxe5 dxe5 46. h5 Nd7 47. h6+ Kf8 48. c5 Qa7
0-1

[Event "rubB"]
[Site "?"]
[Date "2018.08.25"]
[Round "3.5"]
[White "Marszk, Kazimierz"]
[Black "Marusenko, Petr"]
[Result "0-1"]
[BlackElo "2159"]
[WhiteElo "1818"]
[LiveChessVersion "1.4.8"]

1. e4 {[%clk 1:30:56]} g6 {[%clk 1:30:28]} 2. d4 {[%clk 1:30:46]} Bg7
{[%clk 1:30:55]} 3. f4 {[%clk 1:29:54]} d5 {[%clk 1:31:05]} 4. e5
{[%clk 1:28:57]} c5 {[%clk 1:29:30]} 5. Nf3 {[%clk 1:28:27]} Bg4 {[%clk 1:22:58]}
6. Bb5+ {[%clk 1:27:39]} Nc6 {[%clk 1:23:20]} 7. O-O {[%clk 1:26:43]} Qb6
{[%clk 1:22:11]} 8. Bxc6+ {[%clk 1:23:20]} bxc6 {[%clk 1:22:14]} 9. dxc5
{[%clk 1:19:43]} Qxc5+ 10. Kh1 e6 {[%clk 1:15:48]} 11. b3 {[%clk 1:10:01]} Ne7
{[%clk 1:13:31]} 12. h3 {[%clk 1:04:10]} h5 {[%clk 1:10:30]} 13. Ba3
{[%clk 0:59:16]} Qe3 {[%clk 1:10:08]} 14. Bxe7 {[%clk 0:55:34]} Kxe7
{[%clk 1:10:03]} 15. Qd2 {[%clk 0:52:36]} Qxd2 {[%clk 1:05:35]} 16. Nbxd2
{[%clk 0:52:44]} Bxf3 {[%clk 1:04:14]} 17. Nxf3 {[%clk 0:51:28]} Rab8
{[%clk 1:02:18]} 18. Rad1 {[%clk 0:47:51]} Rb4 {[%clk 1:01:46]} 19. Nd4
{[%clk 0:38:22]} Kd7 {[%clk 1:01:21]} 20. a3 {[%clk 0:35:56]} Rb6
{[%clk 1:01:43]} 21. a4 {[%clk 0:35:21]} Bf8 {[%clk 0:57:02]} 22. g3
{[%clk 0:32:59]} Be7 {[%clk 0:55:55]} 23. Kg2 {[%clk 0:31:11]} c5
{[%clk 0:56:13]} 24. Nf3 {[%clk 0:29:18]} Rc8 {[%clk 0:56:33]} 25. c4
{[%clk 0:25:48]} Rxb3 {[%clk 0:48:12]} 26. cxd5 {[%clk 0:26:07]} Rb2+
{[%clk 0:48:22]} 27. Rf2 {[%clk 0:25:35]} Rxf2+ {[%clk 0:48:30]} 28. Kxf2
{[%clk 0:26:01]} exd5 {[%clk 0:48:51]} 29. Rxd5+ {[%clk 0:26:25]} Kc6
{[%clk 0:49:17]} 30. Rd2 {[%clk 0:23:55]} Rb8 {[%clk 0:49:43]} 31. Ra2
{[%clk 0:18:01]} Rb4 {[%clk 0:48:39]} 32. Ne1 {[%clk 0:12:25]} h4
{[%clk 0:46:57]} 33. Nf3 {[%clk 0:10:35]} hxg3+ {[%clk 0:45:46]} 34. Kxg3
{[%clk 0:10:58]} c4 {[%clk 0:45:26]} 35. e6 {[%clk 0:05:54]} f6 {[%clk 0:44:40]}
36. Nd4+ {[%clk 0:03:57]} Kd5 {[%clk 0:44:58]} 37. Nb5 {[%clk 0:04:17]} Rb3+
{[%clk 0:45:09]} 38. Kg2 {[%clk 0:04:13]} c3 {[%clk 0:42:56]} 39. Kf2
{[%clk 0:01:36]} a6 {[%clk 0:39:26]} 40. Nc7+ {[%clk 0:00:48]} Kc6
{[%clk 0:39:40]} 41. Ke3 {[%clk 0:29:57]} Kxc7 {[%clk 1:06:01]} 42. Kd3
{[%clk 0:30:16]} Rb2 {[%clk 1:05:57]} 43. Ra1 {[%clk 0:30:23]} Bb4
{[%clk 1:06:20]} 44. Re1 {[%clk 0:28:08]} Kd8 {[%clk 1:04:30]} 45. e7+
{[%clk 0:26:58]} Bxe7 {[%clk 1:04:18]} 0-1